000 00283 a2200121 4500
000 nam a22 7a 4500
005 20260207103941.0
020 _a9789362872050
100 _aManish Kumar Singh
_91114330
245 _aArdhviram
260 _bVani Prakashan
_c2025
942 _cTEXL
999 _c1678874
_d1678874